BIBLIOTECA

SENCICO

Cyclist and cycling around the world : (Registro nro. 5113)

Detalles MARC
000 -LEADER
fixed length control field 01084nam a22002777a 4500
003 - CONTROL NUMBER IDENTIFIER
control field PE SENCICO BE
005 - DATE AND TIME OF LATEST TRANSACTION
control field 20251020182712.0
008 - FIXED-LENGTH DATA ELEMENTS--GENERAL INFORMATION
fixed length control field 250227b |||||||| |||| 00| 0 eng d
020 ## - INTERNATIONAL STANDARD BOOK NUMBER
International Standard Book Number 978-612-4146-55-8
040 ## - CATALOGING SOURCE
Original cataloging agency PE SENCICO BE
Transcribing agency PE SENCICO BE
041 ## - LANGUAGE CODE
Language code of text/sound track or separate title spa
245 1# - TITLE STATEMENT
Title Cyclist and cycling around the world :
Remainder of title creating liveable & bikeable cities /
Statement of responsibility, etc. edited by Juan Carlos Dextre, Mike Hughes and Lotte Bech
250 ## - EDITION STATEMENT
Edition statement 1 ed.
260 ## - PUBLICATION, DISTRIBUTION, ETC.
Place of publication, distribution, etc. Lima :
Name of publisher, distributor, etc. Pontificia Universidad Católica del Perú ;
Date of publication, distribution, etc. 2013
300 ## - PHYSICAL DESCRIPTION
Extent 334 páginas :
Other physical details ilustraciones a color ;
Dimensions 26 cm.
505 0# - FORMATTED CONTENTS NOTE
Formatted contents note Cycle culture -- Liveable and bikeable cities -- Cycle infraestructure -- Safety for cyclists -- Bicycles -- Cycling policy -- Cycle advocacy and education
650 10 - SUBJECT ADDED ENTRY--TOPICAL TERM
9 (RLIN) 2955
Topical term or geographic name entry element Ciclismo
650 20 - SUBJECT ADDED ENTRY--TOPICAL TERM
9 (RLIN) 2956
Topical term or geographic name entry element Viajes alrededor del mundo
650 20 - SUBJECT ADDED ENTRY--TOPICAL TERM
9 (RLIN) 2957
Topical term or geographic name entry element Bicicletas
650 20 - SUBJECT ADDED ENTRY--TOPICAL TERM
9 (RLIN) 2961
Topical term or geographic name entry element Caminos
700 1# - ADDED ENTRY--PERSONAL NAME
9 (RLIN) 2958
Personal name Dextre, Juan Carlos
Dates associated with a name editor
700 1# - ADDED ENTRY--PERSONAL NAME
9 (RLIN) 2959
Personal name Hugues, Mike
Relator term editor
700 1# - ADDED ENTRY--PERSONAL NAME
9 (RLIN) 2960
Personal name Bech, Lotte
Relator term editor
910 ## - USER-OPTION DATA (OCLC)
User-option data hfp
-- hfp
-- hfp
942 ## - ADDED ENTRY ELEMENTS (KOHA)
Source of classification or shelving scheme Dewey Decimal Classification
Koha item type Libros
Existencias
Fecha de la última vez que lo usaron Pago total Signatura topográfica completa Código de barras Precio efectivo desde Tipo de documento Estado perdido Sistema de clasificación Estado dañado No es para préstamo Retirado Ubicación permanente Ubicación actual Fecha de adquisición Fuente de adquisición
27/02/2025   796.64/C BibLima25020029 27/02/2025 Libros   Dewey Decimal Classification       Biblioteca Central Lima Biblioteca Central Lima 26/02/2024 Donación del Sr. André Maguiña Ballón